000 00488nam a2200181Ia 4500
008 090124s9999 xx 000 0 und d
082 _b20125
_a2319
100 _aकुरुंदकर नरहर
245 _a पायवाट
250 _a1
260 _c1974
300 _a192
600 _aकुरुंदकर नरहर
630 _a पायवाट
700 _aकुरुंदकर नरहर
730 _a पायवाट
942 _cBOOK
999 _c133935
_d133935